| 000 | 02960cam a22006974i 4500 | ||
|---|---|---|---|
| 001 | u38288 | ||
| 003 | PE-LiUPU | ||
| 005 | 20250731170442.0 | ||
| 008 | 150625s2003 sp a r 000 0 spa d | ||
| 020 | _a8466610774 | ||
| 020 | _a9788466610773 | ||
| 035 | _a(Sirsi) i9788466610773 | ||
| 040 |
_aPE-LiUPU _bspa _cPE-LiUPU _dPE-LiUPU _erda |
||
| 049 | _aPRUA | ||
| 082 | 0 | 4 |
_a158.1 _bB83 _221 |
| 082 | 0 | 4 |
_a158.4 _bB83 |
| 100 | 1 |
_aBristow-Bovey, Darrel , _eautor. |
|
| 245 | 1 | 0 |
_aYo me he llevado tu queso / _cDarrel Bristow-Bovey ; [ traducción, Helena Martín]. |
| 264 | 1 |
_aBarcelona : _bEds. B., _c2003. |
|
| 300 |
_a103 páginas ; _c23 centímetros |
||
| 336 |
_atext _2rdacontent |
||
| 337 |
_aunmediated _2rdamedia |
||
| 338 |
_avolume _2rdacarrier |
||
| 500 | _a"El manual de autoayuda para los que no quieren ayudarse. Es más, para los que no quieren ni levantarse del sofá"--Cubierta. | ||
| 505 | _aBuscar y encontrar -- Encuentra tu huevo -- Encuentra tu pareja -- Encuentra tu maya interior -- ¿Quién se ha llevado mis llaves? -- Ser o no Ser -- Cuerpos danone. | ||
| 526 | _aSEG68 | ||
| 526 | _aSEG70 | ||
| 526 | _aSEG69 | ||
| 526 | _aSEG67 | ||
| 526 | _aSEG43 | ||
| 526 | _aP144 | ||
| 526 | _aP143 | ||
| 526 | _aP131 | ||
| 526 | _aP122 | ||
| 526 | _aP120 | ||
| 526 | _aP117 | ||
| 526 | _aP112 | ||
| 526 | _aP110 | ||
| 526 | _aP106 | ||
| 526 | _aP101 | ||
| 526 | _aP80 | ||
| 526 | _aP59 | ||
| 526 | _aP54 | ||
| 526 | _aP35 | ||
| 526 | _aP33 | ||
| 526 | _aP30 | ||
| 596 | _a1 2 3 | ||
| 650 | 0 | 4 | _aAutodeterminación. |
| 650 | 0 | 4 |
_aÉxito. _91682 |
| 942 |
_2ddc _cBOOK |
||
| 949 |
_a152.4 B83 2003 _wDEWEY _c1 _iFT00768 _lCCODEBUT1 _mBUT _p{Dolar}8.00 _r0 _sY _tBOOK _u2015-9-29 _xBIBLIOTECA _zUNKNOWN _0COMPRA _o.STAFF. Colección General Tarapoto |
||
| 949 |
_a158.1 B83 2003 _wDEWEY _c1 _iFJ01936 _lCCODEBUJ1 _mBUJ _n1 _p8.00 _r0 _sY _tBOOK _u2015-9-30 _xSALUD _PP33 _0COMPRA _o.STAFF. Colección General Juliaca |
||
| 949 |
_a158.1 B83 _wDEWEY _c1 _i57525 _d2017-9-19 _e2017-9-14 _f2018-2-11 _g2 _lCCODEBUL1 _mBUL _n8 _p8.00 _r0 _sY _tBOOK _u2015-6-25 _xSALUD _zUNKNOWN _0COMPRA _o.STAFF. Colección Ciencias de la Salud |
||
| 994 |
_aC0 _bPEPRU |
||
| 999 |
_a158.1 B83 _wDEWEY _c46555 _i57525 _d46555 _e2017-9-14 _f2021-11-3 _g4 _lCCODEBUL1 _mBUL _n8 _p8.00 _q1 _r0 _sY _tBOOK _u2015-6-25 _xSALUD _zUNKNOWN _0COMPRA _o.STAFF. Colección Ciencias de la Salud |
||
| 999 |
_a152.4 B83 2003 _wDEWEY _c1 _iFT00768 _f2019-2-20 _g1 _lCCODEBUT1 _mBUT _p8.00 _r0 _sY _tBOOK _u2015-9-29 _xBIBLIOTECA _zUNKNOWN _0COMPRA _o.STAFF. Colección General Tarapoto |
||
| 999 |
_a158.1 B83 2003 _wDEWEY _c1 _iFJ01936 _d2019-7-1 _e2019-3-28 _f2022-1-17 _g4 _lCCODEBUJ1 _mBUJ _n3 _p8.00 _q8 _r0 _sY _tBOOK _u2015-9-30 _xSALUD _PP33 _0COMPRA _o.STAFF. Colección General Juliaca |
||
| 980 |
_81 _gALBERTO SANCHEZ Responsable de Automatización |
||